000 01047cam a2200229 4500
001 WB4018-11
008 040511n2004 000 0 eng u
035 _a(Sirsi) u126163
245 _aBible for estate agents
260 _c2004
490 _aRICS Press Release
_v(pr039) 6 May 2004 (3)
520 _aRICS has published a new edition of the "RICS manual of estate agency law and practice". The publication advises estate agents on how to conduct their day-to-day business and offers guidance on best practice. It also includes the strict code of conduct, the "Residential estate agency practice statement", to which all chartered surveyor estate agents must adhere. http://www.rics.org/ricscms/bin/show?class=PressRe lease&template=/includes/showpr.html&id=1169&facul ty=RICS
590 _aWB
590 _aWB
650 _aESTATE AGENTS
650 _aCODES OF PRACTICE
650 _aESTATE AGENCY REGULATION
650 _aPROFESSIONAL ETHICS
650 _aBEST PRACTICE
690 _aPROPERTY AND LAND LAW-AGENCY
942 _n0
999 _c117335
_d117335